Estatísticas para Samoa

Clique aqui para jogar o quiz

Estatísticas Gerais

  • Esse quiz foi jogado 8 vezes
  • A pontuação média é 5 de 11

Estatísticas das Respostas

HintResposta% Correto
Qual é o seu idioma?Inglês
100%
Onde fica?Oceania
100%
Em que oceano fica?Pacífico
100%
Qual é o seu tipo de clima?Tropical
83%
Qual é a sua capital?Apia
33%
Qual é a sua religião?Cristianismo
33%
De que país é independente?Nova Zelândia
33%
Qual é a sua moeda?Tala
17%
Qual é o seu ponto mais alto?Mauga Silisili
0%
Qual é o desporto nacional do país?Ruby
0%
Qual é o seu código ISO?WSM
0%

Distribuição das Pontuações

Percentil de Números Respondidos

Porcentagem de Pessoas com Cada Pontuação

Sua Pontuação Histórica

Você não jogou esse quiz